Computer confluence : exploring tomorrow's technology
Αποθηκεύτηκε σε:
| Κύριος συγγραφέας: | |
|---|---|
| Μορφή: | Βιβλίο |
| Γλώσσα: | English |
| Δημοσίευση: |
Upper Saddle River, N.J. :
Prentice Hall,
c2001.
|
| Έκδοση: | 4th ed. |
| Θέματα: | |
| Ετικέτες: |
Προσθήκη ετικέτας
Δεν υπάρχουν, Καταχωρήστε ετικέτα πρώτοι!
|
MARC
| LEADER | 00000cam a2200000 i 4500 | ||
|---|---|---|---|
| 001 | 1/22660 | ||
| 008 | 011018s2001 nju| ||| |||| ||eng|| | ||
| 020 | |a 0130882372 | ||
| 035 | |l 10067519 | ||
| 040 | |a GR-MyUa |b gre |e AACR2 | ||
| 041 | 0 | |a eng | |
| 082 | 7 | |a 004 |2 (21) | |
| 100 | 1 | |a Beekman, George. | |
| 245 | 1 | 0 | |a Computer confluence : |b exploring tomorrow's technology / |c George Beekman. |
| 250 | |a 4th ed. | ||
| 260 | |a Upper Saddle River, N.J. : |b Prentice Hall, |c c2001. | ||
| 300 | |a xxxiv, 507 p. : |b col. ill. ; |c 28 cm. + |e 1 computer laser optical disc (4 3/4 in.) | ||
| 504 | |a Περιλαμβάνει βιβλιογραφικές παραπομπές και ευρετήριο. | ||
| 650 | 0 | |a Computers. | |
| 650 | 0 | |a Information technology. | |
| 767 | 0 | 8 | |i Μεταφρασμένο ως: |t Εισαγωγή στην πληροφορική : |
| 852 | |a INST |b SYROS |e 20011018 |h 004 BEE |p 005500001192 |q 005500001192 |t BK |y 0 | ||
| 852 | |a INST |b SYROS |e 20011018 |h 004 BEE |p 005500000794 |q 005500000794 |t BK |y 0 | ||
| 901 | |a BIBL5-2001-3 | ||
| 922 | |a 5ΕΛΗ |b 200108 |c ΕΠΕΑΕΚ2/183 |d Παπασωτήρίου | ||
| 970 | |a Κρητικού |b Θωμαΐς |z 18/10/2001 | ||